[Event "Sitges Sunway op-A 11th"]
[Site "Sitges"]
[Date "2024.12.21"]
[Round "9"]
[White "Siddharth, Jagadeesh"]
[Black "Dudognon, Thibault"]
[Result "1/2-1/2"]
[WhiteElo "2510"]
[BlackElo "2411"]
[PlyCount "108"]
[EventDate "2024.12.12"]
[EventType "swiss"]
[EventRounds "10"]
[EventCountry "ESP"]
[SourceTitle "CB52_2024"]
[SourceDate "2024.12.25"]
[SourceVersion "1"]
[SourceVersionDate "2024.12.25"]
[SourceQuality "1"]

1. e4 c5 2. Nf3 d6 3. d4 cxd4 4. Nxd4 Nc6 5. c4 Nf6 6. Nc3 Nxd4 7. Qxd4 g6 8. Be2 Bg7 9. Be3 0-0 10. Qd3 Bd7 11. 0-0 a5 12. b3 Bc6 13. Rad1 Nd7 14. f4 b6 15. Bd4 Nc5 16. Qe3 Bxd4 17. Rxd4 Qe8 18. f5 f6 19. Nd5 Bxd5 20. exd5 g5 21. h4 h6 22. Rf3 Qf7 23. Rg3 Qh7 24. Rf4 Kh8 25. Rff3 Qg7 26. Rf1 Nd7 27. Kf2 Ne5 28. Qxb6 a4 29. Kg1 axb3 30. axb3 Rfb8 31. Qd4 Ra3 32. Rb1 Qh7 33. Qe4 gxh4 34. Qxh4 Rg8 35. Rxg8+ Kxg8 36. Qg3+ Kf8 37. Qf4 Qg7 38. Rb2 Ra1+ 39. Kf2 h5 40. b4 Qh7 41. c5 Ng4+ 42. Bxg4 hxg4 43. cxd6 Qh4+ 44. Ke3 Qe1+ 45. Kd4 Rc1 46. dxe7+ Ke8 47. Rd2 Rc8 48. d6 Kd7 49. b5 g3 50. Kd3 Qb1+ 51. Ke2 Qxb5+ 52. Rd3 Qb2+ 53. Rd2 Qb5+ 54. Rd3 Qb2+ 1/2-1/2

[Event "Sitges Sunway op-A 11th"]
[Site "Sitges"]
[Date "2024.12.18"]
[Round "6"]
[White "Hess, Max"]
[Black "Siddharth, Jagadeesh"]
[Result "0-1"]
[WhiteElo "2385"]
[BlackElo "2510"]
[PlyCount "74"]
[EventDate "2024.12.12"]
[EventType "swiss"]
[EventRounds "10"]
[EventCountry "ESP"]
[SourceTitle "CB52_2024"]
[SourceDate "2024.12.25"]
[SourceVersion "1"]
[SourceVersionDate "2024.12.25"]
[SourceQuality "1"]

1. d4 Nf6 2. c4 e6 3. Nf3 b6 4. g3 Bb7 5. Bg2 Be7 6. 0-0 0-0 7. Nc3 Ne4 8. Bd2 Nxd2 9. Qxd2 d6 10. e4 Nd7 11. Qc2 a6 12. b4 Bf6 13. Rfd1 g6 14. h4 Bg7 15. d5 a5 16. a3 Ba6 17. Rac1 axb4 18. axb4 Bxc4 19. dxe6 fxe6 20. Nd4 Ne5 21. f4 Ng4 22. Qd2 e5 23. Nc6 Qe8 24. b5 exf4 25. gxf4 Bh6 26. Nd5 Bxd5 27. Qxd5+ Kh8 28. Qd4+ Bg7 29. e5 dxe5 30. fxe5 Nxe5 31. Nxe5 Bxe5 32. Qe4 Ra2 33. Rd5 Bh2+ 34. Kh1 Qxe4 35. Bxe4 Bd6 36. Rc2 Rxc2 37. Bxc2 Rf2 0-1

[Event "Belt and Road op-A"]
[Site "Aksu"]
[Date "2024.10.21"]
[Round "8"]
[White "Siddharth, Jagadeesh"]
[Black "Jiang, Haochen"]
[Result "0-1"]
[WhiteElo "2503"]
[BlackElo "2315"]
[PlyCount "78"]
[EventDate "2024.10.16"]
[EventType "swiss"]
[EventRounds "9"]
[EventCountry "CHN"]
[SourceTitle "CB43_2024"]
[Source "Chessbase"]
[SourceDate "2024.10.23"]
[SourceVersion "1"]
[SourceVersionDate "2024.10.23"]
[SourceQuality "1"]

1. e4 e5 2. Nf3 Nc6 3. Bb5 Nf6 4. d3 Bc5 5. c3 0-0 6. 0-0 d6 7. Bg5 h6 8. Bh4 Ne7 9. d4 Bb6 10. Bxf6 gxf6 11. Re1 Ng6 12. h3 c6 13. Bf1 f5 14. exf5 Bxf5 15. Bd3 Qf6 16. Bxf5 Qxf5 17. Nbd2 exd4 18. Nxd4 Bxd4 19. cxd4 Rae8 20. Nf1 Nf4 21. Ne3 Qg6 22. Qf3 Re4 23. Red1 d5 24. Rd2 f5 25. Nf1 Ne6 26. Qc3 Ng5 27. Kh1 Rfe8 28. f3 R4e7 29. Rad1 Kh7 30. Qd3 Ne6 31. Qe3 Ng7 32. Qf2 f4 33. Qh4 Re2 34. Qg4 Nf5 35. Kg1 h5 36. Qxg6+ Kxg6 37. a3 a5 38. b3 Kf6 39. b4 a4 0-1